| 000 | 00520nam a22001937a 4500 | ||
|---|---|---|---|
| 003 | OSt | ||
| 005 | 20160204140350.0 | ||
| 008 | 160204b xxu||||| |||| 00| 0 eng d | ||
| 020 | _a1857282833 | ||
| 040 | _cDDC. | ||
| 082 | _a333.7PEO1995 | ||
| 100 |
_aEdited by Morse,Steven;Stoking,Micheal; _96700 |
||
| 245 | _aPeople and Environment; | ||
| 260 |
_aLondon. _bUCL Press. _c1995 |
||
| 300 |
_aviii,215p; _bill; _c22cm |
||
| 504 | _aincludes index and references. | ||
| 650 |
_aEnvironment. _91074 |
||
| 942 |
_2ddc _cSLOAN |
||
| 999 |
_c2959 _d2959 |
||